000 00435nam a2200169Ia 4500
003 GCL
008 140319s9999 xx 000 0 ara d
040 _aGCL /
_cGCL
082 0 4 _aط
_b813.087
_bم ا
100 1 _aمجدى صابر
245 1 0 _aاختطاف الامير /
_cمجدى صابر
490 _a100 قصة
_v0
650 0 4 _aالاطفال
650 0 4 _aالقصص
650 0 4 _aقصص الاطفال
942 _2ddc
_cBK
999 _c44563
_d44563